=LDR 00000nam 2200000 4500 =001 INLIS000000000036826 =005 20130612142605 =008 ***********************************Ind** =035 ##$$0010-061300000036826 =041 ##$$a Ind =082 ##$$a 641.692 =090 ##$$a 641.692, Erw =100 ##$$a Erwin, Lilly T =245 ##$$a Aroma rasa kuliner Indonesia, sup ikan, Lilly T Erwin ; editor, Intarina Hardiman =260 ##$$a 2004 $b Jakarta =300 ##$$a 56 hlm, ilus, 21 cm =650 ##$$a Masakan (ikan) resep =700 ##$$a Hardiman, Intarina =850 ##$$a NBPNMAT